000 02570cam a22003974a 4500
999 _c18201
_d18201
001 16630928
003 OSt
005 20161203105657.0
008 110131s2011 nyua b s001 0 eng
010 _a 2011004148
016 7 _a015885547
_2Uk
020 _a9781438437910 (hardcover : alk. paper)
020 _a1438437919 (hardcover : alk. paper)
020 _a9781438437903 (pbk. : alk. paper)
020 _a1438437900 (pbk. : alk. paper)
035 _a(OCoLC)ocn700735583
040 _aDLC
_cDLC
_dYDX
_dYDXCP
_dUKMGB
_dBWX
_dCDX
_dIOG
_dERASA
_dCOO
_dPUL
_dDLC
042 _apcc
043 _aa-cc---
050 0 0 _aN7349.X8
_bX8 2011
082 0 0 _a709.51/09051
_222
245 0 0 _aXu Bing and contemporary Chinese art :
_bcultural and philosophical reflections /
_cedited by Hsingyuan Tsao and Roger T. Ames.
260 _aAlbany :
_bState University of New York Press,
_cc2011.
300 _axxiv, 237 p. :
_bill. ;
_c24 cm.
490 1 _aSUNY series in Chinese philosophy and culture
504 _aIncludes bibliographical references and index.
505 0 _aA dilemma in contemporary Chinese art: an introduction / Tsao Hsingyuan and Roger T. Ames -- Reading and misreading: double entendre in locally oriented logos / Tsao Hsingyuan -- Reading Xu Bing's Book from the sky: a case study in the making of meaning / Roger T. Ames -- Seriousness, playfulness, and a religious reading of Tianshu / Kuan-Hung Chen -- Making natural languages in contemporary Chinese art / Richard Vinograd -- The living word: Xu Bing and the art of Chan word play / April Liu -- Transmission of meanings: a study of Shen wai shen (Body outside body) by Xu Bing / Kazuko Kameda-Madar -- The space between: cross-cultural encounters in contemporary Chinese art / Jerome Silbergeld -- Appendix. Bibliography on Xu Bing and related issues in contemporary Chinese art / Zoe Li -- List of important events between 1979 and 2005 / Susan Chang.
600 1 0 _aXu, Bing,
_d1955-
_xCriticism and interpretation.
650 0 _aArt, Chinese
_y20th century
_xThemes, motives.
650 0 _aArt, Chinese
_y21st century
_xThemes, motives.
700 1 _aTsao, Hsingyuan.
700 1 _aAmes, Roger T.,
_d1947-
830 0 _aSUNY series in Chinese philosophy and culture.
906 _a7
_bcbc
_corignew
_d1
_eecip
_f20
_gy-gencatlg
942 _2lcc
_cBOOKS
_hN 7349 .X8X8 2011